000 00385nam a22001457a 4500
003 MACL
005 20171102125835.0
008 171102b xxu||||| |||| 00| 0 eng d
040 _cMACL
100 _a: Syed Ramsey.
_969362
245 _aTool of War:History of Weapons in Early Modern Times
260 _b Alpha Editions
_c2016
650 _aMilitary Science
_969368
942 _2ddc
_cBK
999 _c57119
_d57119